[Event "DSOL 04 Liga Gr-A 1st"]
[Site "Playchess.com INT"]
[Date "2020.07.17"]
[Round "4.4"]
[White "Schweer, Paul"]
[Black "Kessler, Thomas"]
[Result "1-0"]
[WhiteElo "1612"]
[BlackElo "1821"]
[PlyCount "57"]
[EventDate "2020.06.22"]
[EventType "team-tourn (rapid)"]
[EventCountry "GER"]
[SourceTitle "EXT 2021"]
[Source "ChessBase"]
[SourceDate "2020.10.23"]
[SourceVersion "1"]
[SourceVersionDate "2020.10.23"]
[SourceQuality "1"]
[WhiteTeam "Heisfelde"]
[BlackTeam "Ludwigshafen II"]
[WhiteTeamCountry "GER"]
[BlackTeamCountry "GER"]

1. c4 c5 2. g3 g6 3. Bg2 Bg7 4. Nc3 Nc6 5. Rb1 e6 6. d3 Nge7 7. e3 0-0 8. Nge2 d5 9. 0-0 d4 10. Ne4 Qb6 11. exd4 cxd4 12. b4 f5 13. c5 Qc7 14. Nd6 b6 15. b5 bxc5 16. Nxc8 Raxc8 17. bxc6 Nxc6 18. Nf4 Qd6 19. Qa4 Rf7 20. Ba3 Ne5 21. Qb5 g5 22. Bxc5 Rxc5 23. Qe8+ Bf8 24. Nxe6 Ra5 25. Rb8 h6 26. Rd8 Qa3 27. Nxf8 Rxf8 28. Bd5+ Nf7 29. Bxf7+ 1-0